[Event "Wroclaw op-B"]
[Site "Wroclaw"]
[Date "2024.08.11"]
[Round "5"]
[White "Popczynska, Maja"]
[Black "Martinez Hernandez, Paula"]
[Result "1-0"]
[WhiteElo "1805"]
[BlackElo "1924"]
[PlyCount "57"]
[EventDate "2024.08.08"]
[EventType "swiss"]
[EventRounds "9"]
[EventCountry "POL"]
[SourceTitle "EXT 2025"]
[Source "ChessBase"]
[SourceDate "2024.10.14"]
[SourceVersion "1"]
[SourceVersionDate "2024.10.14"]
[SourceQuality "1"]

1. e4 c6 2. d4 d5 3. f3 dxe4 4. fxe4 e5 5. Nf3 Bg4 6. Bc4 Nf6 7. Bxf7+ Ke7 8. Bb3 Bxf3 9. Qxf3 Qxd4 10. Nc3 Ke8 11. Be3 Qb4 12. Qf5 Nbd7 13. g4 Bc5 14. Qe6+ Kd8 15. Bxc5 Qxc5 16. 0-0-0 Re8 17. Qf5 Qe3+ 18. Kb1 Kc7 19. g5 g6 20. Qf1 Qxg5 21. Qd3 Rad8 22. Qd6+ Kc8 23. Be6 Rxe6 24. Qxe6 Qg2 25. Rhf1 Ne8 26. Rxd7 Rxd7 27. Qxe8+ Kc7 28. Qxe5+ Kb6 29. Na4+ 1-0

[Event "ESP-chT CECLUB Div2"]
[Site "Linares"]
[Date "2021.08.10"]
[Round "2.5"]
[White "De los Santos Honrubia, Maria"]
[Black "Martinez Hernandez, Paula"]
[Result "1/2-1/2"]
[WhiteElo "1999"]
[BlackElo "1843"]
[PlyCount "86"]
[EventDate "2021.08.09"]
[EventType "team-swiss"]
[EventRounds "7"]
[EventCountry "ESP"]
[SourceTitle "CBM 203 Extra"]
[Source "ChessBase"]
[SourceDate "2021.09.30"]
[SourceVersion "1"]
[SourceVersionDate "2021.09.30"]
[SourceQuality "1"]
[WhiteTeam "Villalba 64 Miscasa"]
[BlackTeam "Manises Eva"]
[WhiteTeamCountry "ESP"]
[BlackTeamCountry "ESP"]

1. e4 c6 2. Qe2 e5 3. Nf3 d6 4. g3 Nf6 5. Bg2 Be7 6. 0-0 0-0 7. d3 Nbd7 8. Nbd2 Re8 9. a4 Nf8 10. Nc4 Ng6 11. Ne3 h6 12. h3 Be6 13. Nf5 Bf8 14. Bd2 Qd7 15. g4 d5 16. N3h4 Rad8 17. Rad1 d4 18. Kh2 c5 19. b3 a6 20. Nxg6 fxg6 21. Nh4 g5 22. Nf5 b5 23. axb5 axb5 24. Ra1 Ra8 25. Rfe1 Ra7 26. Qf1 Rea8 27. Reb1 b4 28. Qc1 Ra6 29. Rxa6 Rxa6 30. Ra1 Qa7 31. Rxa6 Qxa6 32. Bf3 Qa2 33. Bd1 Ne8 34. Kg2 Nc7 35. Ng3 Nb5 36. Ne2 Be7 37. Be1 Bd8 38. Bd2 Nc3 39. Kg3 Be7 40. Kg2 Bd8 41. Kg3 Bc7 42. Kg2 Bd8 43. Kg3 Be7 1/2-1/2

[Event "Burjassot U2200 op 6th"]
[Site "Burjassot"]
[Date "2018.09.28"]
[Round "4"]
[White "Chernikov, Vladimir"]
[Black "Martinez Hernandez, Paula"]
[Result "1-0"]
[WhiteElo "2158"]
[BlackElo "1832"]
[PlyCount "83"]
[EventDate "2018.09.07"]
[EventType "swiss"]
[EventRounds "7"]
[EventCountry "ESP"]
[SourceTitle "EXT 2024"]
[Source "ChessBase"]
[SourceDate "2023.10.10"]
[SourceVersion "1"]
[SourceVersionDate "2023.10.10"]
[SourceQuality "1"]

1. d4 Nf6 2. c4 e6 3. g3 d5 4. Bg2 Be7 5. Nf3 0-0 6. Nc3 dxc4 7. Ne5 c5 8. dxc5 Qc7 9. Nxc4 Bxc5 10. Qb3 Nc6 11. Bf4 e5 12. Nb5 Qe7 13. Bg5 Be6 14. Bxc6 bxc6 15. Nba3 Bd4 16. 0-0 h6 17. Be3 Bxe3 18. Qxe3 Ng4 19. Qc3 Qg5 20. f3 Nf6 21. e4 Bxc4 22. Nxc4 Nd7 23. Rad1 Qe7 24. Nd6 Rab8 25. b4 Rfd8 26. Qxc6 Nf6 27. a3 Rb6 28. Nc8 Rxc8 29. Qxc8+ Kh7 30. Rd8 Qe6 31. Qxe6 Rxe6 32. Rc1 Ra6 33. Rc3 Kg6 34. Kf2 Nh7 35. Rdc8 f6 36. h4 h5 37. R8c6 Ra4 38. R6c5 Nf8 39. Ra5 Rxa5 40. bxa5 Ne6 41. a6 f5 42. Rc6 1-0

[Event "ESP-ch U18"]
[Site "Salobrena"]
[Date "2015.07.31"]
[Round "7"]
[White "Garcia Porlan, Beatriz"]
[Black "Martinez Hernandez, Paula"]
[Result "1-0"]
[WhiteElo "2006"]
[BlackElo "1714"]
[PlyCount "53"]
[EventDate "2015.07.27"]
[EventType "swiss"]
[EventRounds "9"]
[EventCountry "ESP"]
[SourceTitle "EXT 2016"]
[Source "ChessBase"]
[SourceDate "2015.10.08"]
[SourceVersion "1"]
[SourceVersionDate "2015.10.08"]
[SourceQuality "1"]

1. e4 d5 2. exd5 Qxd5 3. Nc3 Qd6 4. d4 Nf6 5. Nf3 c6 6. h3 g6 7. Bd3 Nbd7 8. 0-0 Bg7 9. Re1 0-0 10. Bg5 e6 11. Qd2 a6 12. Bf1 Nb6 13. Rad1 Nbd5 14. Nb1 b5 15. b3 Bb7 16. c4 Nc7 17. Nc3 Rfc8 18. Ne5 Nce8 19. Bf4 Qd8 20. Qe3 Qb6 21. Nxf7 Kxf7 22. Qxe6+ Kf8 23. cxb5 axb5 24. Nxb5 Qd8 25. Nd6 Rc7 26. Nxe8 Nxe8 27. Bc4 1-0

[Event "Provincial-ch Valencia Primera"]
[Site "Valencia"]
[Date "2014.10.25"]
[Round "4.3"]
[White "Martinez Hernandez, Paula"]
[Black "Marti Viguer, Jose Maria"]
[Result "1-0"]
[WhiteElo "1800"]
[BlackElo "1849"]
[PlyCount "71"]
[EventDate "2014.09.27"]
[EventType "swiss"]
[EventRounds "7"]
[EventCountry "ESP"]
[SourceTitle "EXT 2024"]
[Source "ChessBase"]
[SourceDate "2023.10.10"]
[SourceVersion "1"]
[SourceVersionDate "2023.10.10"]
[SourceQuality "1"]

1. e4 d6 2. d4 Nf6 3. Nc3 c6 4. Be3 Qa5 5. f3 e5 6. Nge2 Be7 7. g4 Nbd7 8. Qd2 exd4 9. Nxd4 Ne5 10. Be2 g6 11. g5 Nh5 12. f4 Ng4 13. Nb3 Qc7 14. Bd4 0-0 15. h3 c5 16. Nd5 Qd8 17. hxg4 Ng3 18. Nxe7+ Qxe7 19. Qe3 Qxe4 20. Qxe4 Nxe4 21. Bf2 Re8 22. Rg1 Bd7 23. Kf1 Bc6 24. Rd1 b6 25. Nd2 d5 26. Nxe4 Rxe4 27. f5 Rae8 28. Bf3 Rf4 29. Bxd5 Bb5+ 30. c4 Ba6 31. fxg6 hxg6 32. b3 Bc8 33. Re1 Kf8 34. Rxe8+ Kxe8 35. Ke1 Bxg4 36. Be3 1-0

[Event "Mislata op-C 20th"]
[Site "Mislata"]
[Date "2012.08.16"]
[Round "6"]
[White "Martinez Hernandez, Paula"]
[Black "Fuset Torralba, Jose Luis"]
[Result "0-1"]
[WhiteElo "1711"]
[BlackElo "1801"]
[PlyCount "94"]
[EventDate "2012.08.13"]
[EventType "swiss"]
[EventRounds "9"]
[EventCountry "ESP"]
[SourceTitle "EXT 2013"]
[Source "ChessBase"]
[SourceDate "2012.11.22"]
[SourceVersion "1"]
[SourceVersionDate "2012.11.22"]
[SourceQuality "1"]

1. e4 c6 2. d4 d5 3. e5 Bf5 4. Bd3 Bxd3 5. Qxd3 e6 6. Nf3 Qa5+ 7. Bd2 Qa6 8. Qxa6 Nxa6 9. 0-0 h5 10. Nc3 Nh6 11. Ne2 Be7 12. c3 Nf5 13. Bg5 c5 14. Bxe7 Kxe7 15. Rac1 c4 16. Nf4 g6 17. Rfe1 b5 18. a3 Nb8 19. Ra1 Nc6 20. Reb1 a6 21. g3 Na5 22. Nd2 Rhc8 23. Kg2 Kd7 24. Re1 Ne7 25. Red1 Nec6 26. Nh3 Nb3 27. Nxb3 cxb3 28. Ng5 Ke7 29. Nf3 Na5 30. Nd2 Kd7 31. Re1 Kc6 32. Re3 Kb6 33. Rf3 Ra7 34. Rf6 Rac7 35. Re1 Rd8 36. Re3 Rdd7 37. f4 Nc4 38. Nxc4+ Rxc4 39. Rf3 Ka5 40. f5 gxf5 41. Rh6 Ka4 42. Rxh5 Rdc7 43. Rh8 Rxc3 44. Ra8 Rc2+ 45. Kh3 a5 46. Rxb3 Kxb3 47. Rxa5 Rb7 0-1

[Event "Valencia-ch U18"]
[Site "Valencia"]
[Date "2012.04.11"]
[Round "2"]
[White "Montoliu Cervero, Francisco"]
[Black "Martinez Hernandez, Paula"]
[Result "1-0"]
[WhiteElo "2209"]
[BlackElo "1683"]
[PlyCount "29"]
[EventDate "2012.04.11"]
[EventType "swiss"]
[EventRounds "6"]
[EventCountry "ESP"]
[SourceTitle "CBM 147 Extra"]
[Source "ChessBase"]
[SourceDate "2012.04.24"]
[SourceVersion "1"]
[SourceVersionDate "2012.04.24"]
[SourceQuality "1"]

1. e4 c5 2. Nf3 Nc6 3. d4 cxd4 4. Nxd4 Nf6 5. Nc3 g6 6. Nxc6 bxc6 7. e5 Nh5 8. Bc4 Qa5 9. Qe2 Ng7 10. Bd2 Qc7 11. 0-0-0 a5 12. Ne4 Rb8 13. Nd6+ Kd8 14. Nxf7+ Ke8 15. Nxh8 1-0

[Event "Benidorm Nuevas Generaciones op 7th"]
[Site "Benidorm"]
[Date "2011.12.07"]
[Round "1.1"]
[White "Martinez Hernandez, Paula"]
[Black "Pardo Simon, David"]
[Result "0-1"]
[WhiteElo "1679"]
[BlackElo "2412"]
[PlyCount "56"]
[EventDate "2011.12.07"]
[EventType "swiss"]
[EventRounds "7"]
[EventCountry "ESP"]
[SourceTitle "EXT 2015"]
[Source "ChessBase"]
[SourceDate "2014.11.20"]
[SourceVersion "1"]
[SourceVersionDate "2014.11.20"]
[SourceQuality "1"]

1. e4 e5 2. Nf3 Nc6 3. d4 exd4 4. Bc4 Nf6 5. Ng5 d5 6. exd5 Qe7+ 7. Qe2 Qxe2+ 8. Kxe2 Ne5 9. Bb5+ c6 10. dxc6 bxc6 11. Ba4 Bd7 12. Re1 h6 13. Kf1 hxg5 14. Rxe5+ Kd8 15. h3 g4 16. Bg5 gxh3 17. gxh3 Rxh3 18. Kg2 Bd6 19. Bxf6+ gxf6 20. Re4 Rh2+ 21. Kf3 Kc7 22. Rxd4 Bc5 23. Rd2 Rh3+ 24. Kg2 Rg8+ 25. Kf1 Bg4 26. Kg2 Be6+ 27. Kf1 Bc4+ 28. Rd3 Rf3 0-1

[Event "Mislata-B 45th"]
[Site "Mislata"]
[Date "2011.08.18"]
[Round "6"]
[White "Pons Lopez, Joan"]
[Black "Martinez Hernandez, Paula"]
[Result "0-1"]
[WhiteElo "1612"]
[BlackElo "1701"]
[PlyCount "40"]
[EventDate "2011.08.15"]
[EventType "tourn"]
[EventRounds "9"]
[EventCountry "ESP"]
[SourceTitle "EXT 2014"]
[Source "ChessBase"]
[SourceDate "2013.11.20"]
[SourceVersion "1"]
[SourceVersionDate "2013.11.20"]
[SourceQuality "1"]

1. e4 c5 2. Nf3 Nc6 3. d4 cxd4 4. Nxd4 g6 5. Nc3 Bg7 6. Be3 Nf6 7. f3 0-0 8. Qd2 d5 9. 0-0-0 dxe4 10. fxe4 Ng4 11. Nxc6 Qxd2+ 12. Bxd2 bxc6 13. Re1 Be6 14. Kb1 Rfd8 15. Bd3 Nf2 16. Rhf1 Nxd3 17. cxd3 Rxd3 18. Kc1 Rad8 19. Re2 Bc4 20. Ref2 Rxd2 0-1

[Event "Mislata-B 45th"]
[Site "Mislata"]
[Date "2011.08.16"]
[Round "3"]
[White "Martinez Hernandez, Paula"]
[Black "Ull Molina, Daniel"]
[Result "1-0"]
[WhiteElo "1701"]
[BlackElo "1582"]
[PlyCount "111"]
[EventDate "2011.08.15"]
[EventType "tourn"]
[EventRounds "9"]
[EventCountry "ESP"]
[SourceTitle "EXT 2014"]
[Source "ChessBase"]
[SourceDate "2013.11.20"]
[SourceVersion "1"]
[SourceVersionDate "2013.11.20"]
[SourceQuality "1"]

1. e4 d5 2. exd5 Qxd5 3. Nc3 Qa5 4. d4 c6 5. Bc4 Nf6 6. Bd2 Qc7 7. Nf3 Bg4 8. h3 Bh5 9. g4 Bg6 10. Nh4 Nbd7 11. Nxg6 hxg6 12. Qf3 e6 13. 0-0-0 0-0-0 14. g5 Nb6 15. Bxe6+ fxe6 16. gxf6 Qf7 17. fxg7 Qxg7 18. Bg5 Be7 19. Bxe7 Qxe7 20. Ne4 Nd5 21. Nc5 Rhf8 22. Qg3 b6 23. Nb3 Qf6 24. Kb1 Qf5 25. a3 Rf6 26. Rhe1 Nf4 27. h4 Kd7 28. Qf3 Nh3 29. Qg3 Nf4 30. Rd2 Qh3 31. Qg5 Qf5 32. Qg3 Rh8 33. Rg1 Qh3 34. Nc1 Qxh4 35. c3 Qxg3 36. fxg3 Nd5 37. Nd3 Rh3 38. Ne5+ Kd6 39. g4 Rh4 40. g5 Rf5 41. Nxg6 Rh5 42. Ne5 Kc7 43. g6 Rhg5 44. Rdg2 Rf1+ 45. Rxf1 Rxg2 46. Rf7+ Kd8 47. g7 Ne7 48. Nxc6+ Nxc6 49. Rf8+ Ke7 50. g8Q Rxg8 51. Rxg8 Kd6 52. Kc2 Kd5 53. Kd3 e5 54. Rg5 Ke6 55. Rg6+ Kd5 56. c4# 1-0

[Event "Mislata-B 45th"]
[Site "Mislata"]
[Date "2011.08.15"]
[Round "1"]
[White "Fernandez Garcia, Olmo"]
[Black "Martinez Hernandez, Paula"]
[Result "0-1"]
[WhiteElo "1677"]
[BlackElo "1701"]
[PlyCount "82"]
[EventDate "2011.08.15"]
[EventType "tourn"]
[EventRounds "9"]
[EventCountry "ESP"]
[SourceTitle "EXT 2014"]
[Source "ChessBase"]
[SourceDate "2013.11.20"]
[SourceVersion "1"]
[SourceVersionDate "2013.11.20"]
[SourceQuality "1"]

1. e4 c5 2. Nf3 Nc6 3. d4 cxd4 4. Nxd4 g6 5. Nc3 Bg7 6. Nb3 Nf6 7. Be3 0-0 8. Be2 d6 9. 0-0 Bd7 10. f4 a5 11. a3 Rc8 12. Bf3 Qc7 13. Rb1 Rb8 14. Nb5 Qd8 15. N3d4 Nxd4 16. Nxd4 Qc7 17. Qd2 Rbc8 18. c3 b6 19. Rfc1 Qc4 20. b3 Qc7 21. c4 Ng4 22. Nb5 Qd8 23. Bxg4 Bxg4 24. Na7 Ra8 25. Qf2 Qb8 26. Bxb6 Qb7 27. Nb5 Qxe4 28. Re1 Qb7 29. Nc7 Rab8 30. Bxa5 Bf5 31. Rbc1 Qxb3 32. Bb4 Qd3 33. Re3 Bd4 34. Nd5 Bxe3 35. Qxe3 Qxe3+ 36. Nxe3 Be6 37. c5 Rfc8 38. c6 Rb6 39. c7 Rb7 40. Ba5 Ra7 41. Bb6 Rxa3 0-1

[Event "Valenciana U18"]
[Site "Valenciana"]
[Date "2011.04.29"]
[Round "5"]
[White "Moran Garcia, Aida"]
[Black "Martinez Hernandez, Paula"]
[Result "1/2-1/2"]
[WhiteElo "1674"]
[BlackElo "1678"]
[PlyCount "48"]
[EventDate "2011.04.27"]
[EventType "swiss"]
[EventRounds "7"]
[EventCountry "ESP"]
[SourceTitle "EXT 2024"]
[Source "ChessBase"]
[SourceDate "2023.10.10"]
[SourceVersion "1"]
[SourceVersionDate "2023.10.10"]
[SourceQuality "1"]

1. d4 f5 2. c4 Nf6 3. Bg5 g6 4. Bxf6 exf6 5. e3 Bg7 6. Bd3 0-0 7. Nf3 d6 8. 0-0 Nc6 9. Nc3 Kh8 10. Re1 Bd7 11. Qc2 Rb8 12. Rad1 Re8 13. a3 Qe7 14. b4 Qf7 15. Re2 Ne7 16. c5 Be6 17. Rb1 d5 18. Bb5 c6 19. Bd3 h6 20. Nh4 Kh7 21. Ree1 Rg8 22. Ne2 Bd7 23. Rb2 h5 24. f3 Bh6 1/2-1/2

[Event "Benidorm New Generation U16 06th"]
[Site "Benidorm"]
[Date "2010.12.04"]
[Round "1"]
[White "Martinez Hernandez, Paula"]
[Black "Suarez Garcia, Carlos"]
[Result "0-1"]
[WhiteElo "1653"]
[BlackElo "2195"]
[PlyCount "56"]
[EventDate "2010.12.04"]
[EventType "swiss"]
[EventRounds "7"]
[EventCountry "ESP"]
[SourceTitle "EXT 2024"]
[Source "ChessBase"]
[SourceDate "2023.10.10"]
[SourceVersion "1"]
[SourceVersionDate "2023.10.10"]
[SourceQuality "1"]

1. e4 c5 2. Nc3 e6 3. g3 Nc6 4. Bg2 g6 5. d3 Bg7 6. Nge2 Nge7 7. 0-0 0-0 8. Be3 Nd4 9. Rb1 d5 10. Nf4 dxe4 11. Nxe4 e5 12. Ne2 Qc7 13. c3 Ne6 14. Qb3 Nf5 15. Bd2 Rd8 16. Nc1 Rb8 17. Bg5 Nxg5 18. Nxg5 h6 19. Ne4 b5 20. Qc2 Be6 21. Nb3 Bf8 22. Rbd1 a5 23. Qd2 c4 24. Nc1 Bg7 25. a3 cxd3 26. Nxd3 Bb3 27. Rc1 Bc4 28. Nec5 Qxc5 0-1

[Event "Provincial-ch Valencia Primera"]
[Site "Valencia"]
[Date "2010.10.02"]
[Round "1"]
[White "Parrondo Romero, Fernando"]
[Black "Martinez Hernandez, Paula"]
[Result "1/2-1/2"]
[WhiteElo "1813"]
[BlackElo "1653"]
[PlyCount "85"]
[EventDate "2010.10.02"]
[EventType "swiss"]
[EventRounds "7"]
[EventCountry "ESP"]
[SourceTitle "EXT 2024"]
[Source "ChessBase"]
[SourceDate "2023.10.10"]
[SourceVersion "1"]
[SourceVersionDate "2023.10.10"]
[SourceQuality "1"]

1. d4 d5 2. c4 c6 3. Nc3 Nf6 4. Nf3 Bf5 5. Bf4 e6 6. e3 h6 7. Be2 Bd6 8. Bg3 Bxg3 9. hxg3 Nbd7 10. Rc1 Ne4 11. Nd2 Ndf6 12. Qb3 Nxd2 13. Kxd2 b6 14. Bf3 0-0 15. cxd5 cxd5 16. Ne2 Be4 17. g4 Rc8 18. Rxc8 Qxc8 19. Rc1 Qa6 20. a3 Rc8 21. Rxc8+ Qxc8 22. Qc3 Qd7 23. Ng3 Bg6 24. Be2 Kh7 25. f3 Qd6 26. f4 Ne4+ 27. Nxe4 Bxe4 28. Bf3 Bxf3 29. gxf3 Qe7 30. Qd3+ g6 31. Qe2 f5 32. e4 dxe4 33. fxe4 Qd6 34. Qe3 fxg4 35. Kd3 Qe7 36. Qe1 Qd7 37. Ke3 Qb5 38. Qc3 Qh5 39. Qc7+ Kh8 40. Qd8+ Kg7 41. Qe7+ Kh8 42. Qf8+ Kh7 43. Qf7+ 1/2-1/2

[Event "Benidorm New Generation U16 05th"]
[Site "Benidorm"]
[Date "2009.12.05"]
[Round "2.10"]
[White "Martinez Hernandez, Paula"]
[Black "Sacristan Latorre, Alberto"]
[Result "0-1"]
[WhiteElo "1673"]
[BlackElo "1924"]
[PlyCount "85"]
[EventDate "2009.12.04"]
[EventType "swiss"]
[EventRounds "7"]
[EventCountry "ESP"]
[SourceTitle "EXT 2024"]
[Source "ChessBase"]
[SourceDate "2023.10.10"]
[SourceVersion "1"]
[SourceVersionDate "2023.10.10"]
[SourceQuality "1"]

1. e4 c5 2. Nc3 d6 3. g3 g6 4. Bg2 Bg7 5. Nge2 Nc6 6. d3 e6 7. Be3 Nge7 8. Qd2 Nd4 9. Rb1 Rb8 10. a3 b5 11. b4 a6 12. h4 h5 13. 0-0 Nec6 14. Nc1 Ne5 15. Bxd4 cxd4 16. N3e2 Qb6 17. Nb3 Ng4 18. Qc1 0-0 19. Qb2 e5 20. c3 dxc3 21. Qxc3 Be6 22. Na5 Rfc8 23. Qb2 Bh6 24. Nc3 Qd4 25. Nd5 Qxb2 26. Rxb2 Bxd5 27. exd5 Rc3 28. Rb3 Rc2 29. Nc6 Re8 30. Bh3 Nf6 31. Rfb1 Nxd5 32. Bd7 Rf8 33. R3b2 Rc3 34. Rb3 Rc1+ 35. Rxc1 Bxc1 36. d4 e4 37. Na5 Nb6 38. Rc3 Bb2 39. Rc7 Bxa3 40. Nc6 Nd5 41. Ra7 Nxb4 42. Nxb4 Bxb4 43. Rb7 0-1

[Event "Provincial-ch Valencia Primera"]
[Site "Valencia"]
[Date "2009.11.15"]
[Round "6"]
[White "Cabrera Piqueres, Vicente"]
[Black "Martinez Hernandez, Paula"]
[Result "0-1"]
[WhiteElo "1685"]
[BlackElo "1640"]
[PlyCount "56"]
[EventDate "2009.10.03"]
[EventType "swiss"]
[EventRounds "7"]
[EventCountry "ESP"]
[SourceTitle "EXT 2024"]
[Source "ChessBase"]
[SourceDate "2023.10.10"]
[SourceVersion "1"]
[SourceVersionDate "2023.10.10"]
[SourceQuality "1"]

1. e4 e5 2. Nf3 Nc6 3. d4 exd4 4. Nxd4 Nxd4 5. Qxd4 c5 6. Qd1 Nf6 7. Nc3 b6 8. Bd3 Bb7 9. 0-0 Be7 10. Bf4 0-0 11. Re1 d6 12. Qe2 Re8 13. Rad1 Qb8 14. e5 dxe5 15. Bg5 h6 16. Bxf6 Bxf6 17. Ne4 Be7 18. Qh5 Qc7 19. Re3 Bxe4 20. Bxe4 Rad8 21. Bd5 Bg5 22. Rg3 Qe7 23. c4 e4 24. Re1 Qf6 25. Re2 e3 26. f3 Rxd5 27. cxd5 Qd4 28. Re1 e2+ 0-1

[Event "Provincial-ch Valencia Primera"]
[Site "Valencia"]
[Date "2009.11.07"]
[Round "4"]
[White "Granja Moreno, Jose L"]
[Black "Martinez Hernandez, Paula"]
[Result "1/2-1/2"]
[WhiteElo "1725"]
[BlackElo "1640"]
[PlyCount "82"]
[EventDate "2009.10.03"]
[EventType "swiss"]
[EventRounds "7"]
[EventCountry "ESP"]
[SourceTitle "EXT 2024"]
[Source "ChessBase"]
[SourceDate "2023.10.10"]
[SourceVersion "1"]
[SourceVersionDate "2023.10.10"]
[SourceQuality "1"]

1. e4 e5 2. Nf3 Nc6 3. Bc4 Nf6 4. Ng5 d5 5. exd5 Nxd5 6. Nxf7 Kxf7 7. Qf3+ Ke6 8. Nc3 Nce7 9. Qe4 c6 10. d4 Qd6 11. f4 Kd7 12. fxe5 Qg6 13. Qxg6 hxg6 14. 0-0 Nxc3 15. bxc3 Nd5 16. Bd2 b5 17. Bd3 Ne7 18. a4 bxa4 19. Rxa4 Ke8 20. Rfa1 Bf5 21. Rxa7 Rxa7 22. Rxa7 Bxd3 23. cxd3 Kf7 24. c4 Ke6 25. Ra8 Kf7 26. Bb4 g5 27. Bxe7 Kxe7 28. d5 cxd5 29. cxd5 Kf7 30. d4 Rh4 31. e6+ Ke7 32. d6+ Kxe6 33. Rxf8 Rxd4 34. Re8+ Kf6 35. Rd8 Ke6 36. d7 Rxd7 37. Rxd7 Kxd7 38. Kf2 Ke6 39. Kf3 Kf5 40. h3 g6 41. g3 Ke5 1/2-1/2